000
00322nam a2200121Ia 4500
008
191206s9999 xx 000 0 und d
020
_a
9780521110921 (hardb
090
_a
BL783.K565
245
0
_a
Rethinking Greek religion
260
_c
c2012
300
_a
"xiii, 235 pages: illustrations ; 24 cm"
999
_c
16805
_d
16805